000
00323nam a2200133Ia 4500
003
OSt
005
20240127164510.0
008
170524s9999 xx 000 0 und d
020
_a
9788177584837
040
_c
IIMT UNIVERSITY MEERUT
100
_a
HEURING UP
245
0
_a
COMPUTER SYSTEM DESIGN ARCHITECTURE
942
_2
ddc
_c
02
999
_c
3953
_d
3953